000 01054cam a2200289 a 4500
001 000015850
005 20200929164157.0
008 010507s2000 cu b 001 0 spa d
020 _a959707818X
020 _a9597078198
040 _aDO-SdBNP
_bspa
_cDLC
_dBNPHU
082 _a109
_bP764
245 0 3 _aLa Polémica filosófica cubana /
_censayo introductorio, compilación y notas, Alicia Conde Rodríguez; responsable de la edición Zaida González Amador.
260 _aLa Habana, Cuba :
_bImagen Contemporánea,
_c2000-.
300 _a1 v. ;
_c23 cm.
490 1 _aBiblioteca de clásicos cubanos
_v10
504 _aIncluye referencias bibliográficas.
505 1 _av. 1. 1838-1839.
650 4 _aFilosofía
_zCuba
_935668
650 4 _aFilosofía cubana
_xHistoria
_y1838-1839
_935669
700 1 _aConde Rodríguez, Alicia.
_ecomp.
_935670
700 1 _aGonzález Amador, Zaida
_eed.
_935671
830 0 _aBiblioteca de clásicos cubanos ;
_v10
_935672
910 _aCatalogación por copia / LC
082 0 0 _a199/.7291
_221
049 _aBNGR
999 _c15394
_d15394